Online
Catalog

Prosa de prisa, 1929-1972 / (Record no. 2934)

MARC details
000 -CABECERA
campo de control de longitud fija 00763cam a2200217 a 4500
001 - NÚMERO DE CONTROL
campo de control 000003103
005 - FECHA Y HORA DE LA ÚLTIMA TRANSACCIÓN
campo de control 20200929150329.0
008 - DATOS DE LONGITUD FIJA--INFORMACIÓN GENERAL
campo de control de longitud fija 770623s1975 cu 000 0 spa
040 ## - FUENTE DE LA CATALOGACIÓN
Centro catalogador/agencia de origen DO-SdBNP
Centro/agencia transcriptor DLC
Centro/agencia modificador DLC
082 ## - NÚMERO DE LA CLASIFICACIÓN DECIMAL DEWEY
Número de clasificación Cu864.4
Número de documento/Ítem G958p
100 1# - ENTRADA PRINCIPAL--NOMBRE DE PERSONA
Nombre de persona Guillén, Nicolás,
Fechas asociadas al nombre 1902-1989.
9 (RLIN) 5891
245 10 - MENCIÓN DE TÍTULO
Título Prosa de prisa, 1929-1972 /
Mención de responsabilidad, etc. Nicolás Guillén ; compilador, prólogo y notas, Ángel Augier ; edición, Evaristo García.
260 ## - PUBLICACIÓN, DISTRIBUCIÓN, ETC.
Lugar de publicación, distribución, etc. La Habana :
Nombre del editor, distribuidor, etc. Arte y Literatura,
Fecha de publicación, distribución, etc. 1975.
300 ## - DESCRIPCIÓN FÍSICA
Extensión 3 t. ;
Dimensiones 24 cm.
440 #0 - MENCIÓN DE SERIE/PUNTO DE ACCESO ADICIONAL--TÍTULO
Título Letras cubanas
9 (RLIN) 9778
650 #4 - PUNTO DE ACCESO ADICIONAL DE MATERIA--TÉRMINO DE MATERIA
Término de materia o nombre geográfico como elemento de entrada Ensayos cubanos
9 (RLIN) 5691
650 #4 - PUNTO DE ACCESO ADICIONAL DE MATERIA--TÉRMINO DE MATERIA
Término de materia o nombre geográfico como elemento de entrada Literatura cubana
9 (RLIN) 1483
700 1# - PUNTO DE ACCESO ADICIONAL--NOMBRE DE PERSONA
Nombre de persona Augier, Ángel I. ;
Fechas asociadas al nombre 1910-
Término indicativo de función/relación comp.
9 (RLIN) 9779
700 1# - PUNTO DE ACCESO ADICIONAL--NOMBRE DE PERSONA
Nombre de persona García, Evaristo
Término indicativo de función/relación ed.
9 (RLIN) 9780
910 ## - DATOS DE OPCIÓN DEL USUARIO (OCLC)
Datos de opción del usuario Catalogación por copia / LC
Holdings
Estado de retiro Estado de pérdida Restricciones de uso No para préstamo Código de colección Localización permanente Ubicación/localización actual Ubicación en estantería Fecha de adquisición Número de inventario Total de préstamos Signatura topográfica completa Código de barras Fecha visto por última vez Precio válido a partir de Tipo de ítem Koha
    Préstamo interno   Monografías: Libros y Folletos General General Depósito 06.07.2009 LF1   Cu864.4 G958p | t.1 3103-10 25.06.2020 25.06.2020 Préstamo interno
    Préstamo interno   Monografías: Libros y Folletos General General Depósito 06.07.2009 LF1   Cu864.4 G958p | t.2 3103-20 25.06.2020 25.06.2020 Préstamo interno
    Préstamo interno   Monografías: Libros y Folletos General General Depósito 06.07.2009 LF1   Cu864.4 G958p | t.3 3103-30 25.06.2020 25.06.2020 Préstamo interno

Powered by Koha